[Event "PRO League All Stars St1"]
[Site "Chess.com INT"]
[Date "2018.09.08"]
[Round "10"]
[White "Meier, Georg"]
[Black "Andriasian, Zaven"]
[Result "1-0"]
[WhiteElo "2639"]
[BlackElo "2603"]
[PlyCount "97"]
[EventDate "2018.09.08"]
[EventType "team (blitz)"]
[EventRounds "12"]
[EventCountry "USA"]
[SourceTitle "CBM 186 Extra"]
[Source "ChessBase"]
[SourceDate "2018.08.24"]
[SourceVersion "1"]
[SourceVersionDate "2018.08.24"]
[SourceQuality "1"]
[WhiteTeam "Central"]
[BlackTeam "Eastern"]
[WhiteTeamCountry "USA"]
[BlackTeamCountry "USA"]

1. Nf3 d5 2. g3 Bg4 3. Bg2 Nd7 4. h3 Bxf3 5. Bxf3 c6 6. d3 Ngf6 7. Nd2 e6 ({RR} 7... e5 8. O-O Bc5 9. e3 a5 10. e4 O-O 11. Qe2 Re8 12. Bg2 a4 13. a3 Qb6 14. Kh1 Qa6 15. Qf3 Nf8 16. b4 axb3 17. Nxb3 dxe4 18. dxe4 Ne6 19. Bb2 Bd4 20. Nxd4 Nxd4 21. Bxd4 exd4 22. Rfe1 {Nakamura,H (2816)-So,W (2760) Las Vegas 2015 ½-½}) ({RR} 7... e5 8. e4 Bd6 9. O-O O-O 10. Qe2 Re8 11. Nb3 a5 12. a4 h6 13. Be3 Qe7 14. Rad1 Nc5 15. Nxc5 Bxc5 16. Bc1 Rad8 17. Kg2 Qe6 18. Rfe1 Rd7 19. c3 dxe4 20. dxe4 Red8 21. Rxd7 Rxd7 22. Rd1 {Meier,G (2632)-Sjodahl,P (2415) Stockholm 2016 ½-½ (65)}) 8. Bg2 ({RR} 8. e4 Be7 9. O-O O-O 10. Qe2 a5 11. Bg2 a4 12. a3 Qb6 13. e5 Ne8 14. Kh2 Nc7 15. h4 Nb5 16. c3 d4 17. c4 Nc7 18. h5 Na6 19. h6 g6 20. Nf3 Ndc5 21. Nxd4 Rad8 22. Be3 Qc7 {Nakamura,H (2802)-Zhao Jun (2535) chess.com INT 2024 ½-½ (70)}) 8... Bd6 9. c4 $146 ({RR} 9. O-O Qc7 10. a3 h5 11. c4 h4 12. g4 Ne5 13. cxd5 exd5 14. e4 dxe4 15. Nxe4 Nxe4 16. Bxe4 O-O-O 17. Be3 Nc4 18. Bxa7 Qa5 19. Qc1 Nd2 20. b4 Qxa7 21. Qxd2 Qd4 22. Qe3 Be5 23. Rac1 Qd6 {Stanec,N (2532)-Ozeren,K (2306) Vienna 2009 1-0}) ({RR} 9. e4 Qb6 10. Qe2 O-O 11. Nf3 e5 12. O-O Rfe8 13. Nh4 g6 14. Nf3 a5 15. Rb1 Nc5 16. Nd2 a4 17. Re1 {½-½ (17) Nagy,G (2499)-Pajeken,J (2449) Budapest HUN 2023}) 9... O-O 10. O-O Re8 11. d4 e5 12. cxd5 cxd5 13. dxe5 Nxe5 14. Nf3 Nxf3+ 15. Bxf3 Qb6 16. Kg2 Be5 17. Qd3 Rad8 18. a4 Ne4 19. Be3 Qg6 20. Bxe4 dxe4 21. Qb5 h5 22. Rad1 Rc8 23. Rd5 a6 24. Qxb7 h4 25. Rxe5 hxg3 26. fxg3 Rxe5 27. Qxc8+ Kh7 28. Qc4 f6 29. b4 Qh5 30. g4 Qe8 31. Rf5 Rxf5 32. gxf5 Qxa4 33. Qxe4 a5 34. Bc5 Qb5 35. Kf3 a4 36. Qd3 Qb7+ 37. e4 Qb8 38. b5 Qh2 39. b6 Qxh3+ 40. Ke2 Qg2+ 41. Bf2 Qh1 42. b7 Qh5+ 43. Ke1 Qe8 44. Bg3 a3 45. b8=Q a2 46. Qxe8 a1=Q+ 47. Kf2 Qb2+ 48. Qe2 Qd4+ 49. Kg2 1-0

[Event "PRO League All Stars St1"]
[Site "Chess.com INT"]
[Date "2018.09.08"]
[Round "11"]
[White "Nakamura, Hikaru"]
[Black "Vidit, Santosh Gujrathi"]
[Result "1-0"]
[WhiteElo "2763"]
[BlackElo "2711"]
[PlyCount "131"]
[EventDate "2018.09.08"]
[EventType "team (blitz)"]
[EventRounds "12"]
[EventCountry "USA"]
[SourceTitle "CBM 186 Extra"]
[Source "ChessBase"]
[SourceDate "2018.08.24"]
[SourceVersion "1"]
[SourceVersionDate "2018.08.24"]
[SourceQuality "1"]
[WhiteTeam "Pacific"]
[BlackTeam "Eastern"]
[WhiteTeamCountry "USA"]
[BlackTeamCountry "USA"]

1. Nf3 d5 2. b3 Bg4 3. Bb2 Bxf3 4. exf3 e6 5. g3 Nf6 6. Bg2 Be7 7. O-O O-O 8. d3 c6 9. Nd2 Nbd7 10. f4 a5 11. a3 Ne8 12. Nf3 Rc8 $146 ({RR} 12... Qc7 13. c4 Bf6 14. Qc2 Bxb2 15. Qxb2 Nef6 16. Rfe1 Nc5 17. Ne5 dxc4 18. dxc4 Rfd8 19. Rad1 a4 20. b4 Nb3 21. Qc3 h5 22. h3 Rxd1 23. Rxd1 Rd8 24. Qf3 Rd6 25. c5 Rd5 26. Qe2 Rd8 27. Nc4 {Yedidia,J (2345)-Cofre Archibold,N (2226) chess.com INT 2024 0-1 (48)}) ({RR} 12... Qc7 13. c4 Bf6 14. Qc2 Bxb2 15. Qxb2 Nef6 16. Rfe1 Nc5 17. Ne5 dxc4 18. dxc4 Rfd8 19. Rad1 a4 20. b4 Nb3 21. Qc3 h5 22. h3 Rxd1 23. Rxd1 Rd8 24. Qf3 Rd6 25. c5 Rd5 26. Qe2 Rd8 27. Nc4 {Yedidia,J (2345)-Cofre Archibold,N (2226) chess.com INT 2024 0-1 (48)}) 13. c4 Nd6 14. Qc2 b5 15. c5 Nf5 16. b4 Ra8 17. Rfe1 Qc7 18. d4 axb4 19. axb4 Rxa1 20. Rxa1 Qb7 21. Bf1 Ra8 22. Rd1 g6 23. Bd3 Ra4 24. Bc3 Qa8 25. Rb1 Ra2 26. Qc1 Nf6 27. Ra1 Ne4 28. Rxa2 Qxa2 29. Qb2 Nxc3 30. Qxc3 Bf6 31. Bxf5 gxf5 32. h3 h5 33. Kg2 Qe2 34. h4 Qe4 35. Qd2 Kg7 36. Qc3 Kg6 37. Qe3 Kg7 38. Qd2 Kg6 39. Qd1 Kg7 40. Kh2 Kg6 41. Kg1 Kg7 42. Kg2 Kg6 43. Qa1 Kg7 44. Qc3 Kg6 45. Qb2 Kg7 46. Qa1 Kg6 47. Qa8 Bxd4 48. Qxc6 Bc3 49. Qxb5 Bxb4 50. Qb6 Kg7 51. c6 Qc4 52. Qd4+ Qxd4 53. Nxd4 Bd6 54. Nb5 Bb8 55. c7 Bxc7 56. Nxc7 Kf6 57. Kf3 Ke7 58. Ke3 f6 59. Kd3 Kd7 60. Nb5 e5 61. fxe5 fxe5 62. f4 Ke6 63. fxe5 Kxe5 64. Ke3 Ke6 65. Kf4 Kf6 66. Nd4 1-0

[Event "Olympiad-43"]
[Site "Batumi"]
[Date "2018.09.28"]
[Round "5.18"]
[White "Howell, David"]
[Black "Brunello, Sabino"]
[Result "1-0"]
[WhiteElo "2689"]
[BlackElo "2552"]
[PlyCount "83"]
[EventDate "2018.09.24"]
[EventType "team-swiss"]
[EventRounds "11"]
[EventCountry "GEO"]
[SourceTitle "CBM 187"]
[Source "ChessBase"]
[SourceDate "2018.12.11"]
[SourceVersion "1"]
[SourceVersionDate "2018.12.11"]
[SourceQuality "1"]
[WhiteTeam "England"]
[BlackTeam "Italy"]
[WhiteTeamCountry "ENG"]
[BlackTeamCountry "ITA"]

1. Nf3 d5 2. g3 Bg4 3. Bg2 Nd7 4. h3 Bh5 5. O-O c6 6. d3 Ngf6 7. Qe1 e5 8. e4 Bd6 9. exd5 Nxd5 10. Nxe5 Nxe5 11. d4 O-O 12. dxe5 Re8 13. f4 f6 14. Nd2 $146 ({RR} 14. e6 f5 15. Bd2 Qb6+ 16. Kh1 Qxb2 17. Nc3 Nxc3 18. Bxc3 Qxc2 19. Rf2 Qa4 20. Rd2 Rad8 21. Rb1 Qc4 22. Rxd6 Rxd6 23. Qe5 Re7 24. Qxd6 Rxe6 25. Qd7 {1-0 (25) Gukesh,D (2466)-Shrey,N (1466) Mumbai 2018}) 14... fxe5 15. f5 e4 16. Nxe4 Nf6 17. Bg5 Qb6+ 18. Be3 Rxe4 19. Bxe4 Bc5 20. Bxc5 Qxc5+ 21. Qf2 Qxf2+ 22. Rxf2 Nxe4 23. Rf4 Ng5 24. Kh2 Re8 25. g4 Re2+ 26. Kg3 Be8 27. h4 Nf7 28. Rd1 h6 29. Rf2 Re7 30. Rd4 c5 31. Rdd2 Bc6 32. Rfe2 Kf8 33. Kf4 Rxe2 34. Rxe2 Nd6 35. c3 Kf7 36. g5 hxg5+ 37. hxg5 Bd7 38. g6+ Kf6 39. Rd2 Ke7 40. f6+ gxf6 41. g7 Be6 42. Re2 1-0

[Event "Olympiad-43"]
[Site "Batumi"]
[Date "2018.10.02"]
[Round "8.1"]
[White "Iordachescu, Viorel"]
[Black "Jobava, Baadur"]
[Result "1-0"]
[WhiteElo "2591"]
[BlackElo "2634"]
[PlyCount "92"]
[EventDate "2018.09.24"]
[EventType "team-swiss"]
[EventRounds "11"]
[EventCountry "GEO"]
[SourceTitle "CBM 187"]
[Source "ChessBase"]
[SourceDate "2018.12.11"]
[SourceVersion "1"]
[SourceVersionDate "2018.12.11"]
[SourceQuality "1"]
[WhiteTeam "Moldova"]
[BlackTeam "Georgia"]
[WhiteTeamCountry "MDA"]
[BlackTeamCountry "GEO"]

1. Nf3 d5 2. g3 g6 3. Bg2 Bg7 4. c4 d4 5. O-O e5 6. d3 Ne7 7. b4 O-O 8. Nbd2 h6 9. a4 Be6 ({RR} 9... a5 10. b5 c5 11. bxc6 Nexc6 12. Ba3 Nb4 13. Ne1 N8a6 14. Nc2 Re8 15. Bxb4 axb4 16. Nb3 Ra7 17. Qd2 Qe7 18. a5 Bf5 19. e3 dxe3 20. Nxe3 Be6 21. Nd5 Qg5 22. Qe3 Qxe3 23. fxe3 e4 24. Rad1 {Kramnik,V (2777)-Andreikin,D (2720) Baku 2015 ½-½ (70)}) 10. Ba3 Nd7 11. b5 Re8 12. Nb3 $146 ({RR} 12. Qc2 Rb8 13. Rfb1 Kh7 14. a5 f5 15. e3 dxe3 16. fxe3 c5 17. bxc6 Nxc6 18. Nb3 e4 19. Nfd4 exd3 20. Qxd3 Nde5 21. Qc2 Bxc4 22. Nxc6 bxc6 23. Nd4 Rxb1+ 24. Qxb1 Ng4 25. Qb7 Rxe3 26. Bb2 Re7 {Bachmayer,J-Van de Berkmortel,T (2240) Velden 1994 0-1}) 12... b6 13. a5 Rb8 14. Ne1 h5 15. Nc2 h4 16. Nb4 hxg3 17. hxg3 Bf6 18. axb6 axb6 19. Nd2 Kg7 20. Ne4 Rh8 21. Nc6 Nxc6 22. bxc6 Nc5 23. Bxc5 bxc5 24. Nxc5 Bg4 25. Bf3 Qg8 26. Bxg4 Qh7 27. Kg2 Qh2+ 28. Kf3 Be7 29. Rh1 Qxh1+ 30. Qxh1 Rxh1 31. Ne6+ fxe6 32. Rxh1 Rb6 33. Bxe6 Rxc6 34. Bd5 Rf6+ 35. Kg2 Ba3 36. Ra1 Ra6 37. Kf3 Ra5 38. Rb1 Bd6 39. Be4 Ra2 40. Rb8 Ra7 41. Rd8 Kf7 42. Bd5+ Kg7 43. Rg8+ Kh7 44. Re8 c5 45. Re6 Rf7+ 46. Kg2 Bf8 1-0

[Event "RUS-ch rapid"]
[Site "Sochi"]
[Date "2018.10.06"]
[Round "9.11"]
[White "Grachev, Boris V"]
[Black "Kryakvin, Dmitry"]
[Result "1-0"]
[WhiteElo "2626"]
[BlackElo "2595"]
[PlyCount "81"]
[EventDate "2018.10.05"]
[EventType "swiss (rapid)"]
[EventRounds "11"]
[EventCountry "RUS"]
[SourceTitle "CBM 186 Extra"]
[Source "ChessBase"]
[SourceDate "2018.08.24"]
[SourceVersion "1"]
[SourceVersionDate "2018.08.24"]
[SourceQuality "1"]

1. Nf3 d5 2. e3 Nf6 3. c4 dxc4 4. Bxc4 e6 5. b3 a6 6. Bb2 b5 ({RR} 6... Be7 7. O-O O-O 8. d4 b5 9. Be2 Bb7 10. a4 b4 11. Nbd2 Nbd7 12. Nc4 c5 13. a5 Qc7 14. Nfe5 Nxe5 15. dxe5 Rad8 16. Bd3 Nd5 17. Qc2 {½-½ (17) Cvek,R (2437)-Levin,G (2450) Prague CZE 2025}) 7. Be2 Bb7 8. a4 bxa4 $146 ({RR} 8... b4 9. O-O c5 10. d3 Nc6 11. Nbd2 Na5 12. Rc1 Rc8 13. Ne5 Be7 14. Bf3 Bd5 15. Ndc4 O-O 16. Nxa5 Qxa5 17. Nc4 Qd8 18. e4 Bb7 19. a5 Nd7 20. e5 Bd5 21. Bxd5 exd5 22. Ne3 Nb8 23. Nf5 {Batsiashvili,N (2459)-Goltseva,E (2153) St Petersburg 2018 1-0 (41)}) ({RR} 8... c5 9. axb5 Be7 10. Nc3 O-O 11. O-O Qb6 12. d4 Rd8 13. Na4 Qc7 14. Rc1 Nbd7 15. bxa6 Bxa6 16. Bxa6 Rxa6 17. Ba3 Rc6 18. Qc2 Rc8 19. dxc5 Nxc5 20. Nd4 Ng4 21. g3 Qe5 22. Nxc6 Rxc6 23. Qe2 {Delithanasis,D (2201)-Paouris,N (1909) Athens 2010 1-0}) 9. Rxa4 c5 10. O-O Nbd7 11. Na3 Nb6 12. Rh4 Be7 13. Nc4 Nxc4 14. Bxc4 h5 15. Rh3 Kf8 16. Ne5 Rh6 17. f4 Bd5 18. f5 exf5 19. Rxf5 Bxc4 20. bxc4 Qc8 21. Rhf3 Rb8 22. Bc3 Kg8 23. Rf1 Rb6 24. d3 Qb7 25. e4 Rb3 26. Ba1 Ra3 27. h3 Ra2 28. R5f2 Rxf2 29. Rxf2 Bd6 30. Nxf7 Qxf7 31. e5 Be7 32. Qf3 Qe6 33. exf6 Bxf6 34. Re2 Qf7 35. Qa8+ Kh7 36. Qe4+ Kg8 37. Rf2 Qe7 38. Qd5+ Kf8 39. Be5 Ke8 40. Re2 Rg6 41. Re4 1-0

[Event "RUS-ch blitz"]
[Site "Sochi"]
[Date "2018.10.07"]
[Round "10.20"]
[White "Gordievsky, Dmitry"]
[Black "Lobanov, Sergei"]
[Result "1-0"]
[WhiteElo "2615"]
[BlackElo "2539"]
[PlyCount "53"]
[EventDate "2018.10.07"]
[EventType "swiss (blitz)"]
[EventRounds "20"]
[EventCountry "RUS"]
[SourceTitle "CBM 186 Extra"]
[Source "ChessBase"]
[SourceDate "2018.08.24"]
[SourceVersion "1"]
[SourceVersionDate "2018.08.24"]
[SourceQuality "1"]

1. Nf3 d5 2. e3 c5 3. c4 d4 4. b4 Nc6 5. b5 Nb8 6. exd4 cxd4 7. d3 ({RR} 7. Bb2 Bg4 8. h3 Bxf3 9. Qxf3 Qb6 10. Bxd4 Qxd4 11. Qxb7 e5 12. Qxa8 Qxa1 13. Qxb8+ Kd7 14. Qxa7+ Ke6 15. Bd3 e4 16. Qa6+ Kf5 17. Qc8+ Kf6 18. Qc6+ Ke7 19. Qxe4+ Kd6 20. O-O Nf6 21. Qc6+ Ke7 {Ahmad,A (2279)-De Lomas Busquets,A (2010) chess.com INT 2025 1-0}) 7... a6 8. Qa4 $146 ({RR} 8. bxa6 Rxa6 9. Be2 Nc6 10. O-O e5 11. Re1 Bd6 12. Ng5 Nge7 13. Bf3 O-O 14. Bxc6 Nxc6 15. Qh5 Bf5 16. Ne4 Bg6 17. Qf3 Bb4 18. Bd2 Be7 19. Ng3 f5 20. Qd5+ Kh8 21. Qxd8 Rxd8 22. f4 Bf6 {Wisniewski,M (2168)-Leschinsky,G (1969) chess.com INT 2023 1-0 (68)}) ({RR} 8. bxa6 Rxa6 9. Be2 Nc6 10. O-O e5 11. Re1 Bd6 12. Ng5 Nge7 13. Bf3 O-O 14. Bxc6 Nxc6 15. Qh5 Bf5 16. Ne4 Bg6 17. Qf3 Bb4 18. Bd2 Be7 19. Ng3 f5 20. Qd5+ Kh8 21. Qxd8 Rxd8 22. f4 Bf6 {Wisniewski,M (2168)-Leschinsky,G (1969) chess.com INT 2023 1-0 (68)}) 8... a5 9. Ba3 Nd7 10. Nbd2 e5 11. Bxf8 Kxf8 12. Nb3 Qe7 13. b6 Qb4+ 14. Qxb4+ axb4 15. c5 Ne7 16. g3 Nc6 17. Bg2 Nf6 18. Nfd2 Bd7 19. Kd1 Ke7 20. Re1 Ng4 21. Ke2 f6 22. Nc4 Rhb8 23. h3 Nh6 24. Kd2 Be6 25. Bxc6 bxc6 26. f4 exf4 27. Nxd4 1-0

[Event "RUS-chT rapid"]
[Site "Sochi"]
[Date "2018.10.08"]
[Round "2.3"]
[White "Demidov, Mikhail"]
[Black "Zvjaginsev, Vadim"]
[Result "1-0"]
[WhiteElo "2514"]
[BlackElo "2644"]
[PlyCount "67"]
[EventDate "2018.10.08"]
[EventType "team-swiss (rapid)"]
[EventRounds "9"]
[EventCountry "RUS"]
[SourceTitle "CBM 186 Extra"]
[Source "ChessBase"]
[SourceDate "2018.08.24"]
[SourceVersion "1"]
[SourceVersionDate "2018.08.24"]
[SourceQuality "1"]
[WhiteTeam "Karpov Chess School"]
[BlackTeam "Moscow Legacy Square Capital"]
[WhiteTeamCountry "RUS"]
[BlackTeamCountry "RUS"]

1. Nf3 g6 2. g3 Bg7 3. Bg2 c5 4. O-O Nc6 5. d3 d6 6. e4 Bg4 7. h3 Bxf3 8. Bxf3 Nf6 9. Bg2 ({RR} 9. Nc3 Nd7 10. Bg2 O-O 11. Bg5 Rb8 12. Qd2 Re8 13. Bh6 Bh8 14. Nd1 b5 15. f4 b4 16. Kh1 Nd4 17. a3 a5 18. axb4 axb4 19. Ne3 Nb5 20. Rab1 Nd4 21. g4 e6 22. Qf2 Bf6 23. g5 Bh8 {Rusan,P (2254)-Szabo,G (2568) Arad 2010 ½-½ (42)}) 9... Nd7 10. Nd2 O-O 11. f4 Rc8 $146 ({RR} 11... Qc7 12. Nf3 b5 13. Rb1 b4 14. Kh2 a5 15. Be3 Rab8 16. g4 a4 17. Qe1 Nd4 18. Qf2 Nxf3+ 19. Qxf3 a3 20. b3 Bd4 21. Bd2 Kh8 22. h4 f6 23. Qh3 e6 24. Bf3 Nb6 25. Kg2 d5 26. h5 {Arenas,S (2155)-Landriel,M (2272) Villa Martelli 2008 0-1 (49)}) 12. Nf3 b5 13. Kh1 b4 14. a4 Nd4 15. Rb1 Nxf3 16. Bxf3 c4 17. d4 Qa5 18. Be3 Qxa4 19. Ra1 Qb5 20. Rxa7 Ra8 21. Rxa8 Rxa8 22. Qe2 Ra2 23. Rb1 Qa6 24. e5 Nb6 25. f5 c3 26. Qxa6 Rxa6 27. bxc3 Ra3 28. f6 Bf8 29. Rxb4 Rxc3 30. Rxb6 Rxe3 31. Rb8 exf6 32. exd6 Kg7 33. d7 Be7 34. Re8 1-0

[Event "RUS-chT rapid"]
[Site "Sochi"]
[Date "2018.10.09"]
[Round "9.5"]
[White "Shariyazdanov, Andrey"]
[Black "Ponkratov, Pavel"]
[Result "1-0"]
[WhiteElo "2526"]
[BlackElo "2628"]
[PlyCount "93"]
[EventDate "2018.10.08"]
[EventType "team-swiss (rapid)"]
[EventRounds "9"]
[EventCountry "RUS"]
[SourceTitle "CBM 186 Extra"]
[Source "ChessBase"]
[SourceDate "2018.08.24"]
[SourceVersion "1"]
[SourceVersionDate "2018.08.24"]
[SourceQuality "1"]
[WhiteTeam "Belgorod Rakita"]
[BlackTeam "Yuzhnyy Ural"]
[WhiteTeamCountry "RUS"]
[BlackTeamCountry "RUS"]

1. Nf3 c5 2. b3 Nc6 3. Bb2 d6 4. e3 e5 5. d4 cxd4 6. exd4 e4 7. Nfd2 d5 8. Be2 f5 9. O-O Nf6 10. c4 Bd6 ({RR} 10... Be6 11. Nc3 Nxd4 12. Nxd5 Nxe2+ 13. Qxe2 Nxd5 14. cxd5 Bxd5 15. Rfd1 Qg5 16. Nc4 Rd8 17. Ne3 Bc6 18. Rxd8+ Kxd8 19. Rd1+ Kc8 20. Qc4 Be7 21. Qe6+ Kb8 22. Nxf5 e3 23. Nxe3 Ka8 24. Qe5 Re8 25. Qxg5 {Di Benedetto,E (2412)-Chernikov,V (2249) chess.com INT 2025 1-0 (47)}) 11. Nc3 Nxd4 $146 ({RR} 11... O-O 12. Nxd5 Nxd5 13. cxd5 Ne7 14. Nc4 Nxd5 15. f3 e3 16. Nxd6 Qxd6 17. g3 f4 18. Bc4 Be6 19. Kg2 Rae8 20. Qe2 a6 21. a4 Qd7 22. g4 Rf6 23. h3 h5 24. Kh2 Rg6 25. Rg1 Qe7 26. Bxd5 {Gatterer,F (2165)-Harika,D (2517) Chess.com INT 2022 0-1 (37)}) ({RR} 11... O-O 12. Nxd5 Nxd5 13. cxd5 Ne7 14. Nc4 Nxd5 15. f3 e3 16. Nxd6 Qxd6 17. g3 f4 18. Bc4 Be6 19. Kg2 Rae8 20. Qe2 a6 21. a4 Qd7 22. g4 Rf6 23. h3 h5 24. Kh2 Rg6 25. Rg1 Qe7 26. Bxd5 {Gatterer,F (2165)-Harika,D (2517) Chess.com INT 2022 0-1 (37)}) 12. Nxd5 Nxd5 13. cxd5 Nxe2+ 14. Qxe2 O-O 15. Nc4 Bf4 16. g3 Bg5 17. Rfd1 Bf6 18. Rac1 Bxb2 19. Qxb2 f4 20. d6 Bg4 21. Rd4 Bf3 22. Ne5 fxg3 23. hxg3 e3 24. Qc3 exf2+ 25. Kf1 Bh5 26. d7 Qg5 27. Rd2 Qf5 28. g4 Qg5 29. Qd4 Qh4 30. Qd5+ Kh8 31. gxh5 Qh3+ 32. Qg2 Qxh5 33. Nf3 Rad8 34. Kxf2 Qf5 35. Rcd1 Rf7 36. Rd5 Qe4 37. R1d4 Qc2+ 38. Rd2 Qe4 39. R2d3 h6 40. R5d4 Qf5 41. Rd5 Qe4 42. Qg3 Qe6 43. Qc7 Qf6 44. Rf5 Qxf5 45. Qxd8+ Kh7 46. Qe8 Qc5+ 47. Qe3 1-0

[Event "RUS-chT blitz"]
[Site "Sochi"]
[Date "2018.10.10"]
[Round "5.2"]
[White "Artemiev, Vladislav"]
[Black "Lysyj, Igor"]
[Result "1-0"]
[WhiteElo "2706"]
[BlackElo "2631"]
[PlyCount "93"]
[EventDate "2018.10.10"]
[EventType "team-swiss (blitz)"]
[EventRounds "15"]
[EventCountry "RUS"]
[SourceTitle "CBM 186 Extra"]
[Source "ChessBase"]
[SourceDate "2018.08.24"]
[SourceVersion "1"]
[SourceVersionDate "2018.08.24"]
[SourceQuality "1"]
[WhiteTeam "Kazan Ladya"]
[BlackTeam "Yuzhnyy Ural"]
[WhiteTeamCountry "RUS"]
[BlackTeamCountry "RUS"]

1. Nf3 d5 2. g3 c6 3. Bg2 Bg4 4. O-O Nd7 5. h3 Bxf3 6. Bxf3 Ngf6 7. d3 e5 8. e4 Bc5 ({RR} 8... dxe4 9. dxe4 Bc5 10. Qe2 O-O 11. Nd2 a5 12. a4 Qe7 13. Nc4 Qe6 14. Kg2 Nb6 15. Nxb6 Bxb6 16. Rd1 Rfd8 17. Bd2 Bd4 18. Rdb1 Rd7 19. Be1 g6 20. Ra3 h5 21. h4 Bc5 22. Rb3 Qe7 23. Rd1 {Blohberger,F (2532)-Martin Rueda,D (2266) chess.com INT 2025 1-0 (40)}) 9. exd5 ({RR} 9. Nc3 dxe4 10. Nxe4 Nxe4 11. dxe4 O-O 12. Qe2 Qe7 13. Rd1 Rfd8 14. Bd2 h6 15. Be1 Nf6 16. Kg2 Rxd1 17. Rxd1 Rd8 18. Rxd8+ Qxd8 19. b4 Bb6 20. Bc3 Bd4 21. Qd3 Qb6 22. Be1 Qd8 23. a4 Bb6 {Ding,L (2781)-Yu,Y (2753) Danzhou 2017 ½-½ (71)}) 9... Nxd5 10. Nc3 $146 ({RR} 10. Bxd5 cxd5 11. Qf3 Nb6 12. b4 Bxb4 13. Qg4 Bf8 14. Re1 f6 15. d4 e4 16. c4 Qd7 17. c5 Qxg4 18. hxg4 Nc4 19. Nc3 O-O-O 20. Rb1 Na5 21. f3 Nc6 22. Be3 exf3 23. Kf2 Bxc5 24. dxc5 d4 {Yurasov,M (2178)-Goganov,A (2491) Ershovo RUS 2024 0-1 (59)}) ({RR} 10. Bxd5 cxd5 11. Qf3 Nb6 12. b4 Bxb4 13. Qg4 Bf8 14. Re1 f6 15. d4 e4 16. c4 Qd7 17. c5 Qxg4 18. hxg4 Nc4 19. Nc3 O-O-O 20. Rb1 Na5 21. f3 Nc6 22. Be3 exf3 23. Kf2 Bxc5 24. dxc5 d4 {Yurasov,M (2178)-Goganov,A (2491) Ershovo RUS 2024 0-1 (59)}) 10... Nxc3 11. bxc3 O-O 12. Re1 Qc7 13. d4 Bb6 14. Qd3 Rfe8 15. Bd2 Rad8 16. Bg5 Rc8 17. Rad1 h6 18. Bc1 Rcd8 19. Qf5 exd4 20. Rxe8+ Rxe8 21. cxd4 Nf8 22. Kg2 Ne6 23. c3 Qd6 24. h4 g6 25. Qd3 h5 26. Re1 Qd8 27. Re2 Ng7 28. Be4 Qd7 29. a4 Bc7 30. Qf3 Qg4 31. Qd3 Qd7 32. Rb2 b6 33. Qf3 Re6 34. d5 cxd5 35. Bxd5 Re5 36. c4 Rf5 37. Qd3 Ne6 38. Re2 Nc5 39. Qc3 Bd8 40. a5 Bf6 41. Qa3 Re5 42. Rxe5 Bxe5 43. axb6 axb6 44. Be3 Qc7 45. Qa8+ Kg7 46. Qe8 Qd7 47. Qxe5+ 1-0

[Event "Saint Louis Fall-A"]
[Site "Saint Louis"]
[Date "2018.10.18"]
[Round "9"]
[White "Kuzubov, Yuriy"]
[Black "Hansen, Eric"]
[Result "1-0"]
[WhiteElo "2655"]
[BlackElo "2629"]
[PlyCount "81"]
[EventDate "2018.10.10"]
[EventType "tourn"]
[EventRounds "9"]
[EventCountry "USA"]
[EventCategory "17"]
[SourceTitle "CBM 186 Extra"]
[Source "ChessBase"]
[SourceDate "2018.08.24"]
[SourceVersion "1"]
[SourceVersionDate "2018.08.24"]
[SourceQuality "1"]

1. Nf3 d5 2. g3 g6 3. c4 dxc4 4. Qa4+ Nc6 5. Qxc4 Bg7 6. Bg2 e5 7. d3 ({RR} 7. Ng5 Nh6 8. O-O O-O 9. d3 Nf5 10. Nc3 h6 11. Nge4 Ncd4 12. e3 Be6 13. Qa4 Bd7 14. Qd1 Ne6 15. b4 Nd6 16. Nxd6 cxd6 17. Ba3 Bc6 18. b5 Bxg2 19. Kxg2 Qd7 20. Ne4 Qxb5 21. Nxd6 Qa6 {Iermito,S (2500)-Jerez Perez,A (2318) Barcelona ESP 2025 ½-½}) 7... Nge7 8. O-O O-O 9. Nbd2 ({RR} 9. Nc3 h6 10. Qa4 Bd7 11. Qa3 Nf5 12. Bd2 Re8 13. Rac1 b6 14. Rfe1 a5 15. b3 Rc8 16. Qb2 Ncd4 17. Nxd4 exd4 18. Ne4 c5 19. a3 Qe7 20. b4 axb4 21. axb4 c4 22. Rxc4 Rxc4 23. dxc4 Bc6 {Nakamura,H (2793)-Caruana,F (2787) Saint Louis 2015 ½-½ (152)}) 9... a5 $146 ({RR} 9... Nd4 10. Nxd4 exd4 11. Ne4 Be6 12. Qc2 Bd5 13. Bg5 h6 14. Bxe7 Qxe7 15. Qc5 Qxc5 16. Nxc5 Bxg2 17. Kxg2 b6 18. Nb3 Rfe8 19. Rfe1 Re6 20. Rac1 c5 21. Nd2 Rae8 22. Kf1 h5 23. h4 Bh6 24. f4 {Burmakin,V (2490)-Frolyanov,D (2540) Samara 2018 1-0 (81)}) ({RR} 9... Be6 10. Qc2 Nb4 11. Qb1 c5 12. b3 Nec6 13. Bb2 Qe7 14. a3 Nd5 15. e3 Rfd8 16. Qc2 Rac8 17. Rac1 b6 18. Qb1 f6 19. Rfe1 Qf7 20. h4 Qd7 21. Kh2 Nde7 22. Bf1 Nf5 23. Bc3 h6 24. b4 {Vaganian,R (2625)-Ehlvest,J (2580) Moscow 1988 1-0 (62)}) 10. Ne4 h6 11. Bd2 Nf5 12. Rfe1 Kh7 13. Rac1 a4 14. Nc5 Qe8 15. e3 Nd6 16. Qc2 f5 17. Bc3 a3 18. bxa3 Rxa3 19. Nd2 Ra7 20. Qb2 b6 21. Ncb3 Bb7 22. d4 e4 23. Bf1 Ne7 24. Bb4 Nd5 25. Bxd6 cxd6 26. Nc4 Qd8 27. Nbd2 h5 28. Rb1 h4 29. Nxb6 hxg3 30. hxg3 f4 31. exf4 Nxf4 32. Nxe4 Ne6 33. Rbd1 d5 34. Bh3 dxe4 35. Bxe6 Rf6 36. Qb3 Rf3 37. Re3 Rxe3 38. fxe3 Ra6 39. Kg2 Bh6 40. Nc4 Qe7 41. d5 1-0

[Event "Douglas IoM op"]
[Site "Douglas"]
[Date "2018.10.23"]
[Round "4"]
[White "Kramnik, Vladimir"]
[Black "Dragnev, Valentin"]
[Result "1-0"]
[WhiteElo "2779"]
[BlackElo "2508"]
[PlyCount "71"]
[EventDate "2018.10.20"]
[EventType "swiss"]
[EventRounds "9"]
[EventCountry "ENG"]
[SourceTitle "CBM 187"]
[Source "ChessBase"]
[SourceDate "2018.12.11"]
[SourceVersion "1"]
[SourceVersionDate "2018.12.11"]
[SourceQuality "1"]

1. Nf3 Nf6 2. g3 d5 3. Bg2 c5 4. O-O Nc6 5. d3 e5 6. e4 dxe4 7. dxe4 Qxd1 8. Rxd1 Bg4 9. Na3 Nd4 10. Rd3 Bd6 $146 ({RR} 10... Nxf3+ 11. Bxf3 Bxf3 12. Rxf3 Be7 13. Bg5 Nd7 14. Bxe7 Kxe7 15. Nc4 Rhd8 16. Na5 Ke6 17. Rd3 c4 18. Nxc4 Nc5 19. Rxd8 Rxd8 20. f3 b5 21. Ne3 Rd2 22. Rd1 Re2 23. Nf5 f6 24. Rd6+ Kf7 25. b4 {Maiwald,J (2490)-Krallmann,M (2280) Kassel 1994 1-0 (41)}) ({RR} 10... Bxf3 11. Bxf3 Nxf3+ 12. Rxf3 O-O-O 13. Bg5 Be7 14. Nc4 Rd4 15. Ne3 Rxe4 16. Nf5 Bf8 17. Rd1 c4 18. Bxf6 gxf6 19. Kf1 a6 20. h3 Bb4 21. a3 Bc5 22. Rc3 b5 23. Rd5 Rd8 24. Rxc5+ Kb7 25. Re3 {Jones,G (2671)-Niemann,H (2642) Chess.com INT 2022 1-0}) ({RR} 10... Bxf3 11. Bxf3 O-O-O 12. Bg5 Be7 13. Bxf6 Bxf6 14. c3 Nc6 15. Bg4+ Kc7 16. Nb5+ Kb6 17. Nd6 Be7 18. Nc4+ Kc7 19. Rd5 b6 20. Rad1 f6 21. Rd7+ Rxd7 22. Rxd7+ Kb8 23. Ne3 Rd8 24. Nd5 Bf8 25. Rf7 {Kanov,N (2413)-Portero Rubio,M (2125) La Roda ESP 2025 1-0 (34)}) 11. Nc4 Bc7 12. Ncxe5 Ne2+ 13. Kf1 Nxc1 14. Rxc1 Be6 15. b3 O-O 16. Re3 Rfd8 17. Nd3 c4 18. Nf4 Bd7 19. e5 Ng4 20. Re2 cxb3 21. axb3 Bc6 22. h3 Bxf3 23. Bxf3 Nxe5 24. Bxb7 Rab8 25. Bg2 Rb5 26. Rce1 Ba5 27. Bd5 Bxe1 28. Rxe5 Bc3 29. Bxf7+ Kxf7 30. Rxb5 Rd1+ 31. Kg2 Rd2 32. Nd3 Rxc2 33. Rc5 Ke6 34. Rc6+ Kd7 35. Rc4 Kd6 36. Nc5 1-0